| 000 | 00627nam a22002177a 4500 | ||
|---|---|---|---|
| 005 | 20251108172823.0 | ||
| 008 | 250721s2005 xx 000 0 ara d | ||
| 082 | 1 | 4 | _a621.381/فار |
| 100 | 1 | _aفارس، ضياء مهدي | |
| 245 | 1 | 0 | _aالسيطرة / |
| 246 | 1 | 1 | _acontrol |
| 264 | 1 |
_aعمان : _bدار اليازوري للنشر والتوزيع، _c2005. |
|
| 300 | _a292 ص. | ||
| 650 | 1 | 7 | _aالإلكترونيات |
| 650 | 1 | 7 | _aالأجهزة |
| 650 | 1 | 7 | _aالتحكم |
| 700 | 1 | _aموسى، عبد الله محمد | |
| 700 | 1 | _aابراهيم، يوسف | |
| 942 |
_2ddc _cBK |
||
| 999 |
_c89274 _d89274 |
||